LEADER 01302nam0 22002891i 450 001 VAN0021158 005 20230912011156.966 010 $a88-371-0697-1 100 $a20040803d1994 |0itac50 ba 101 $aita 102 $aIT 105 $a|||| ||||| 200 1 $aRilevamento geologico$erealizzazione e interpretazione delle carte geologiche$fGiorgio Cremonini 210 $aBologna$cPitagora$d1994 215 $aXVI, 183 p.$d27 cm 620 $dBologna$3VANL000003 676 $a551.8$cGeologia strutturale. Deformazione, diastrofismo, epirogenesi, tettonica$v22 676 $a526$cCartografia - Geodesia$v22 700 1$aCremonini$bGiorgio$3VANV017443$03927 712 $aPitagora $3VANV108147$4650 801 $aIT$bSOL$c20230915$gRICA 856 $d/sebina/catalogazione/showImage.do?fname=Copertina 21158.jpg&path=IMG&p=false&f=big$zCopertina 21158.jpg 899 $aBIBLIOTECA DEL DIPARTIMENTO DI SCIENZE E TECNOLOGIE AMBIENTALI BIOLOGICHE E FARMACEUTICHE$1IT-CE0101$2VAN17 912 $aVAN0021158 950 $aBIBLIOTECA DEL DIPARTIMENTO DI SCIENZE E TECNOLOGIE AMBIENTALI BIOLOGICHE E FARMACEUTICHE$d17CONS Sc11 $e17FSA921 20040803 $sBuono 996 $aRilevamento geologico$977001 997 $aUNICAMPANIA